LEADER 01044nam a2200313 i 4500 001 991000892749707536 005 20020507175347.0 008 960906s1970 de ||| | eng 020 $a3540051864 035 $ab10772042-39ule_inst 035 $aLE01303932$9ExL 040 $aDip.to Matematica$beng 082 0 $a516.15 084 $aAMS 51A40 100 1 $aOstrom, Theodore G.$0535392 245 10$aFinite translation planes /$cT. G. Ostrom 260 $aBerlin :$bSpringer-Verlag,$c1970 300 $a112 p. ;$c26 cm 490 0 $aLecture notes in mathematics,$x0075-8434 ;$v158 500 $aBibliography: p. [107]-108 650 0$aAffine geometry 650 0$aCollineation 650 0$aVector spaces 907 $a.b10772042$b23-02-17$c28-06-02 912 $a991000892749707536 945 $aLE013 51A OST11 (1970)$g1$i2013000058931$lle013$o-$pE0.00$q-$rl$s- $t0$u2$v6$w2$x0$y.i10870507$z28-06-02 996 $aFinite translation planes$9922466 997 $aUNISALENTO 998 $ale013$b01-01-96$cm$da $e-$feng$gde $h0$i1 LEADER 01242nam a2200337 i 4500 001 991001173769707536 005 20020507184618.0 008 950724s1981 de ||| | eng 020 $a3540105638 035 $ab10811047-39ule_inst 035 $aLE01308200$9ExL 040 $aDip.to Matematica$beng 082 0 $a515.353 084 $aAMS 34G20 084 $aAMS 35K22 084 $aAMS 47H15 100 1 $aHaraux, Alain$042671 245 10$aNonlinear evolution equations - global behavior of solutions /$cAlain Haraux 260 $aBerlin :$bSpringer-Verlag,$c1981 300 $axii, 312 p. ;$c25 cm. 490 0 $aLecture notes in mathematics,$x0075-8434 ;$v841 500 $aIncludes bibliographies and indexes 650 4$aEvolution equations-numerical solutions 650 4$aNonlinear equations 650 4$aNonlinear evolution equations-numerical solutions 907 $a.b10811047$b23-02-17$c28-06-02 912 $a991001173769707536 945 $aLE013 47H HAR11 (1981)$g1$i2013000033150$lle013$o-$pE0.00$q-$rl$s- $t0$u6$v0$w6$x0$y.i10916453$z28-06-02 996 $aNonlinear evolution equations - global Behavior of solutions$9262504 997 $aUNISALENTO 998 $ale013$b01-01-95$cm$da $e-$feng$gde $h0$i1